[Event "SC for all levels"]
[Site "SchemingMind.com"]
[Date "2007.03.18"]
[Round "-"]
[White "Adunatos"]
[Black "florencioq"]
[Result "1-0"]
[WhiteCountry "NED"]
[BlackCountry "BRA"]
[WhiteElo "2263"]
[WhiteRD "62"]
[BlackElo "1857"]
[BlackRD "129"]
[GameID "96905"]

1. d4 Nf6 2. c4 e6 3. Nc3 Bb4 4. Qc2 O-O 5. a3 Bxc3+ 6. Qxc3 b6 7. Bg5 Bb7 8. e3 d6 9. f3 h6 10. Bh4 Nbd7
11. Bd3 c5 12. Ne2 Qc7 13. O-O Rac8 14. Rac1 d5 15. cxd5 Nxd5 16. Qd2 Qd6 17. e4 Nc7 18. e5 Qc6 19. Nc3 Nd5 20. Nb5 Ra8
21. Nd6 a5 22. dxc5 Nxe5 23. Bb5 Qc7 24. Nxb7 Qxb7 25. c6 Qc8 26. Bg3 Ng6 27. c7 Ra7 28. Bd6 Nge7 29. Bxe7 Nxe7 30. Qd6 Nf5
31. Qxb6 Rb7 32. Qc5 g5 33. Ba6
1-0

[Event "SC for all levels"]
[Site "SchemingMind.com"]
[Date "2007.03.18"]
[Round "-"]
[White "florencioq"]
[Black "Adunatos"]
[Result "0-1"]
[WhiteCountry "BRA"]
[BlackCountry "NED"]
[WhiteElo "1857"]
[WhiteRD "129"]
[BlackElo "2263"]
[BlackRD "62"]
[GameID "96906"]

1. e4 e6 2. d4 d5 3. Nc3 Nf6 4. Bg5 Be7 5. e5 Nfd7 6. Bxe7 Qxe7 7. f4 O-O 8. Nf3 c5 9. Qd2 Nc6 10. O-O-O Nb6
11. g4 f6 12. exf6 Qxf6 13. dxc5 Qxf4 14. Qxf4 Rxf4 15. cxb6 Rxf3 16. bxa7 Rxa7 17. a3 Ra5 18. Bg2 Rf2 19. Rhg1 Ne5 20. h3 Bd7
21. Rd2 Rxd2 22. Kxd2 Nc4+ 23. Kc1 Rc5 24. Nd1 Kf7 25. Re1 Kf6 26. Ne3 Ne5 27. Kb1 d4 28. Nd1 Nc4 29. Bf1 Nd2+ 30. Kc1 Nf3
31. Re2 Ke7 32. Rf2 Ng5 33. Bg2 Rc7 34. Rd2 e5 35. Nf2 Bc6 36. Bxc6 Rxc6 37. Kd1 Rh6 38. Re2 Kd6 39. Kd2 Nxh3 40. Nxh3 Rxh3
41. Rg2 Kd5 42. b3 h6 43. a4 e4 44. g5 h5 45. g6 h4 46. Rg5+ Ke6 47. Rb5 Rh2+ 48. Kd1 Rh1+ 49. Ke2 h3
0-1

[Event "SC for all levels"]
[Site "SchemingMind.com"]
[Date "2007.03.19"]
[Round "-"]
[White "ekulrac"]
[Black "Adunatos"]
[Result "0-1"]
[WhiteCountry "SCO"]
[BlackCountry "NED"]
[WhiteElo "1557"]
[WhiteRD "59"]
[BlackElo "2263"]
[BlackRD "62"]
[GameID "97011"]

1. e4 e6 2. d4 d5 3. Nd2 Nf6 4. e5 Nfd7 5. Bd3 c5 6. c3 Nc6 7. Ne2 cxd4 8. cxd4 f6 9. exf6 Nxf6 10. O-O Bd6
11. Nf3 O-O 12. Kh1 Qb6 13. Nc3 Bd7 14. h3 Rac8
0-1

[Event "SC for all levels"]
[Site "SchemingMind.com"]
[Date "2007.03.18"]
[Round "-"]
[White "ekulrac"]
[Black "florencioq"]
[Result "1-0"]
[WhiteCountry "SCO"]
[BlackCountry "BRA"]
[WhiteElo "1711"]
[WhiteRD "50"]
[BlackElo "1365"]
[BlackRD "225"]
[GameID "97012"]

1. e4 e5 2. Nf3 Nc6 3. Bb5 a6 4. Bxc6 dxc6 5. O-O Qd6 6. d3 Ne7 7. Be3 f6 8. Nbd2 Be6 9. d4 Ng6 10. c4 O-O-O
11. d5 Bd7 12. Qc2 c5 13. a3 Kb8 14. b4 b6 15. Rab1 cxb4 16. axb4 b5 17. c5 Qe7 18. c6 Bc8 19. Bc5 Qf7 20. Nb3 Nf4
21. Ra1 Qg6 22. g3 Nxd5 23. Nh4
1-0

[Event "SC for all levels"]
[Site "SchemingMind.com"]
[Date "2007.03.19"]
[Round "-"]
[White "Adunatos"]
[Black "ekulrac"]
[Result "1-0"]
[WhiteCountry "NED"]
[BlackCountry "SCO"]
[WhiteElo "2263"]
[WhiteRD "62"]
[BlackElo "1557"]
[BlackRD "59"]
[GameID "97013"]

1. d4 d5 2. c4 e6 3. Nc3 f5 4. Nf3 Nf6 5. Bf4 c6 6. e3 Bb4 7. Bd3 O-O 8. O-O Ne4 9. Qb3 Be7 10. cxd5 exd5
11. Nxe4 fxe4 12. Bxe4 Kh8 13. Bd3 Nd7 14. Qc2 Nf6 15. Ng5 h6 16. Nf3
1-0

[Event "SC for all levels"]
[Site "SchemingMind.com"]
[Date "2007.03.19"]
[Round "-"]
[White "florencioq"]
[Black "ekulrac"]
[Result "0-1"]
[WhiteCountry "BRA"]
[BlackCountry "SCO"]
[WhiteElo "1365"]
[WhiteRD "225"]
[BlackElo "1711"]
[BlackRD "50"]
[GameID "97014"]

1. e4 Nc6 2. d4 e5 3. d5 Nce7 4. c4 Ng6 5. Nc3 Bb4 6. Ne2 Bxc3+ 7. Nxc3 d6 8. g3 Nf6 9. Bg2 O-O 10. O-O Bd7
11. b4 a5 12. Qb3 axb4 13. Qxb4 b6 14. Nb5 Ne8 15. h4 f5 16. a4 f4 17. Rd1 f3 18. Bf1 Nxh4 19. gxh4 Qxh4
0-1

[Event "SC for all levels"]
[Site "SchemingMind.com"]
[Date "2007.03.18"]
[Round "-"]
[White "ernesto fonseca"]
[Black "ekulrac"]
[Result "1-0"]
[WhiteCountry "NCA"]
[BlackCountry "SCO"]
[WhiteElo "2050"]
[WhiteRD "81"]
[BlackElo "1711"]
[BlackRD "50"]
[GameID "97033"]

1. c4 Nf6 2. d4 g6 3. Nc3 Bg7 4. e4 d6 5. Nf3 O-O 6. Be2 Nbd7 7. O-O c5 8. e5 dxe5 9. dxe5 Ng4 10. e6 fxe6
11. Ng5
1-0

[Event "SC for all levels"]
[Site "SchemingMind.com"]
[Date "2007.03.19"]
[Round "-"]
[White "ernesto fonseca"]
[Black "Adunatos"]
[Result "0-1"]
[WhiteCountry "NCA"]
[BlackCountry "NED"]
[WhiteElo "1881"]
[WhiteRD "79"]
[BlackElo "2263"]
[BlackRD "62"]
[GameID "97034"]

1. e4 e6 2. d4 d5 3. exd5 exd5 4. Nf3 Nf6 5. Bd3 Be7 6. O-O O-O 7. Re1 Re8 8. Bg5 Nbd7 9. Nbd2 Nf8 10. Bxf6 Bxf6
11. Rxe8 Qxe8 12. c3 Ne6
0-1

[Event "SC for all levels"]
[Site "SchemingMind.com"]
[Date "2007.03.18"]
[Round "-"]
[White "ernesto fonseca"]
[Black "florencioq"]
[Result "0-1"]
[WhiteCountry "NCA"]
[BlackCountry "BRA"]
[WhiteElo "1881"]
[WhiteRD "79"]
[BlackElo "1857"]
[BlackRD "129"]
[GameID "97035"]

1. e4 e5 2. Qh5 Nc6 3. Bc4 Qe7 4. Qd1 Nf6 5. Nc3 d6 6. Nf3 g6 7. O-O Bg7 8. d3 h6 9. Nd5 Nxd5 10. exd5 Na5
11. Bb5+ c6 12. dxc6 bxc6 13. Ba4 Bd7 14. Re1 O-O 15. Be3 Nb7 16. c3 c5 17. Bxd7 Qxd7 18. Rb1 d5 19. Qd2 Kh7 20. Qc2 Rac8
21. c4 d4 22. Bd2 Rce8 23. Re4 Nd6 24. Rh4 h5 25. b4 cxb4 26. Bxb4 Rb8 27. Ng5+ Kg8
0-1

[Event "SC for all levels"]
[Site "SchemingMind.com"]
[Date "2007.03.20"]
[Round "-"]
[White "ekulrac"]
[Black "ernesto fonseca"]
[Result "0-1"]
[WhiteCountry "SCO"]
[BlackCountry "NCA"]
[WhiteElo "1710"]
[WhiteRD "52"]
[BlackElo "2110"]
[BlackRD "79"]
[GameID "97036"]

1. e4 e6 2. d4 d5 3. Nd2 c5 4. Ngf3 cxd4 5. Nxd4 Nc6 6. Nxc6 bxc6 7. Bd3 Bd6 8. O-O Qc7 9. Nf3 Nf6 10. exd5 cxd5
11. Bb5+ Bd7 12. Bxd7+ Nxd7 13. a4 O-O 14. a5 Ne5 15. Nxe5 Bxe5 16. h3 Rab8 17. c3 Bf4 18. Ra4 Bxc1 19. Qxc1 Rb3 20. Re1 Rfb8
21. Rb4 Qxa5 22. Qd2 R8xb4 23. cxb4 Qxb4
0-1

[Event "SC for all levels"]
[Site "SchemingMind.com"]
[Date "2007.03.20"]
[Round "-"]
[White "Adunatos"]
[Black "ernesto fonseca"]
[Result "1-0"]
[WhiteCountry "NED"]
[BlackCountry "NCA"]
[WhiteElo "2263"]
[WhiteRD "62"]
[BlackElo "1881"]
[BlackRD "79"]
[GameID "97037"]

1. d4 e6 2. c4 d5 3. Nc3 Nf6 4. cxd5 exd5 5. Bg5 c6 6. e3 Bd6= 7. Bd3 h6 8. Bh4 O-O 9. Nge2 Re8 10. Rc1 Nbd7
11. O-O
1-0

[Event "SC for all levels"]
[Site "SchemingMind.com"]
[Date "2007.03.20"]
[Round "-"]
[White "florencioq"]
[Black "ernesto fonseca"]
[Result "1-0"]
[WhiteCountry "BRA"]
[BlackCountry "NCA"]
[WhiteElo "1857"]
[WhiteRD "129"]
[BlackElo "1881"]
[BlackRD "79"]
[GameID "97038"]

1. e4 e6 2. d4 d5 3. Nc3 Nf6 4. Bg5 Be7 5. e5 Nfd7 6. Bxe7 Qxe7 7. f4 Qb4 8. Rb1 c5 9. Nf3 Nc6 10. a3 Qb6
11. dxc5 Nxc5 12. b4 Ne4 13. Nxe4 dxe4 14. Nd2 Qe3+ 15. Qe2 Qxf4 16. Qxe4 Qxe5 17. Qxe5 Nxe5 18. Be2 Ke7 19. Nf3 Nxf3+ 20. Bxf3 f5
21. Kf2 g5 22. g3 h5 23. Rhe1 Rd8 24. Rbd1 Rxd1 25. Rxd1 e5 26. c4
1-0

[Event "SC for all levels"]
[Site "SchemingMind.com"]
[Date "2007.03.20"]
[Round "-"]
[White "sabicas"]
[Black "ernesto fonseca"]
[Result "1-0"]
[WhiteCountry "ROU"]
[BlackCountry "NCA"]
[WhiteElo "1728"]
[WhiteRD "81"]
[BlackElo "1881"]
[BlackRD "79"]
[GameID "97090"]

1. e4 e5 2. Bc4 f5 3. Bxg8 Rxg8 4. Qh5+ g6 5. Qxh7 Rg7 6. Qh6 fxe4 7. d4 exd4 8. Bg5 Rf7 9. Qxg6 Bb4+ 10. c3 Be7
11. Qxe4 d5 12. Qe5 Nd7 13. Qh8+ Nf8 14. Bd2 Bf6 15. Qh6 Qe7+ 16. Kd1 Bg4+ 17. Nf3
1-0

[Event "SC for all levels"]
[Site "SchemingMind.com"]
[Date "2007.03.19"]
[Round "-"]
[White "sabicas"]
[Black "ekulrac"]
[Result "1-0"]
[WhiteCountry "ROU"]
[BlackCountry "SCO"]
[WhiteElo "1715"]
[WhiteRD "82"]
[BlackElo "1520"]
[BlackRD "63"]
[GameID "97091"]

1. e4 Nc6 2. d4 e5 3. d5 Nce7 4. c4 Ng6 5. Nc3 Bb4 6. Bd2 Bxc3 7. Bxc3 d6 8. Be2 Nf6 9. g3 Nxe4 10. Qc2 Nxc3
11. Qxc3 O-O 12. O-O-O a6 13. h4 e4 14. f4 exf3 15. Nxf3 Re8 16. Nd4 Bd7 17. Rhe1 Ne5 18. Nf3 b5 19. Nxe5 Rxe5 20. Bf3 Qe7
21. Rxe5 Qxe5 22. Qxe5 dxe5 23. c5 Re8 24. Re1 f5 25. b4
1-0

[Event "SC for all levels"]
[Site "SchemingMind.com"]
[Date "2007.03.19"]
[Round "-"]
[White "sabicas"]
[Black "Adunatos"]
[Result "0-1"]
[WhiteCountry "ROU"]
[BlackCountry "NED"]
[WhiteElo "1728"]
[WhiteRD "81"]
[BlackElo "2263"]
[BlackRD "62"]
[GameID "97092"]

1. e4 e6 2. d4 d5 3. Nd2 Nf6 4. e5 Nfd7 5. f4 c5 6. c3 Nc6 7. Ndf3 Qb6 8. Qd3 cxd4 9. Nxd4 Nc5 10. Qb5 Qc7
11. Be3 Bd7 12. Qe2 Nxd4 13. Bxd4 Be7 14. Nf3 O-O 15. Nd2 a5 16. g4 f6 17. Bg2 fxe5 18. Bxe5 Bh4+ 19. Kd1 Qb6 20. b3 Bf6
21. Rf1 Bb5
0-1

[Event "SC for all levels"]
[Site "SchemingMind.com"]
[Date "2007.03.21"]
[Round "-"]
[White "sabicas"]
[Black "florencioq"]
[Result "1/2-1/2"]
[WhiteCountry "ROU"]
[BlackCountry "BRA"]
[WhiteElo "1728"]
[WhiteRD "81"]
[BlackElo "1857"]
[BlackRD "129"]
[GameID "97093"]

1. e4 e5 2. Nc3 Nf6 3. f4 d5 4. fxe5 Nxe4 5. Nf3 Be7 6. d4 Nxc3 7. bxc3 O-O 8. Bd3 Bg4 9. O-O f6 10. Bf4 fxe5
11. Bxe5 Nd7 12. Bg3 Nf6 13. Qe1 Bd6 14. Bxd6 Qxd6 15. Ne5 Rae8 16. Qh4 h5 17. Qg5 Ne4 18. Bxe4 dxe4 19. Nxg4 hxg4 20. Qxg4 Qc6
21. Rxf8+ Rxf8 22. Qg3 Qc4 23. Qe3 Qd5 24. h3 Rf6 25. a3 Qc6 26. Re1 Re6 27. Qd2 Qd6 28. Re3 Qxa3 29. d5 Qd6 30. Qd4 Re5
31. Rxe4 Rxe4 32. Qxe4 Qc5+ 33. Kh2 a5 34. Qe8+ Qf8= 35. Qb5 Qf4+ 36. Kh1 Qc1+ 37. Kh2 Qf4+ 38. Kh1 Qc1+=
1/2-1/2

[Event "SC for all levels"]
[Site "SchemingMind.com"]
[Date "2007.03.20"]
[Round "-"]
[White "ernesto fonseca"]
[Black "sabicas"]
[Result "0-1"]
[WhiteCountry "NCA"]
[BlackCountry "ROU"]
[WhiteElo "1881"]
[WhiteRD "79"]
[BlackElo "1728"]
[BlackRD "81"]
[GameID "97094"]

1. e4 c5 2. Nf3 d6 3. d4 cxd4 4. Nxd4 Nf6 5. Nc3 g6 6. Be3 Bg7 7. f3 O-O 8. Qd2 Nc6 9. O-O-O Bd7 10. g4 Qa5
11. h4 h5 12. Nb3 Qc7 13. Nd5 Nxd5 14. exd5 Ne5 15. gxh5 gxh5 16. Nd4 Rac8
0-1

[Event "SC for all levels"]
[Site "SchemingMind.com"]
[Date "2007.03.20"]
[Round "-"]
[White "ekulrac"]
[Black "sabicas"]
[Result "0-1"]
[WhiteCountry "SCO"]
[BlackCountry "ROU"]
[WhiteElo "1557"]
[WhiteRD "59"]
[BlackElo "1728"]
[BlackRD "81"]
[GameID "97095"]

1. e4 e5 2. Nf3 Nc6 3. Bb5 Nd4 4. Nxd4 exd4 5. Be2 d5 6. d3 dxe4 7. dxe4 Be6 8. O-O g6 9. f4 f5 10. exf5 Bxf5
11. g4 Be6 12. f5 Bf7 13. Bb5+ c6 14. Re1+ Be7 15. Bg5 Qd6 16. Bd3 O-O-O 17. Bxe7 Nxe7 18. f6 Qxf6 19. Nd2 Rhf8 20. Ne4 Qh4
21. Rf1 Nd5 22. Rf2 Ne3 23. Qf3 Qxg4+
0-1

[Event "SC for all levels"]
[Site "SchemingMind.com"]
[Date "2007.03.22"]
[Round "-"]
[White "florencioq"]
[Black "sabicas"]
[Result "1-0"]
[WhiteCountry "BRA"]
[BlackCountry "ROU"]
[WhiteElo "1581"]
[WhiteRD "176"]
[BlackElo "1711"]
[BlackRD "88"]
[GameID "97097"]

1. e4 Nf6 2. e5 Nd5 3. d4 d6 4. Nf3 g6 5. Bc4 c6 6. O-O Bg7 7. h3 O-O 8. Bg5 Be6 9. Nbd2 h6 10. Bh4 Qd7
11. Bxd5 cxd5 12. Re1 Nc6 13. exd6 Qxd6 14. Bg3 Qd7 15. Nb3 b6 16. a4 Rac8 17. a5 Bf5 18. axb6 axb6 19. c3 Ra8 20. Qe2 Rxa1
21. Rxa1 g5 22. Ra6 Qb7 23. Qb5 Na7 24. Qxb6 Qxb6 25. Rxb6 e6 26. Nc5 Rc8 27. Rb7 Nc6 28. Rc7 Rxc7 29. Bxc7 Bf8 30. b4
1-0

[Event "SC for all levels"]
[Site "SchemingMind.com"]
[Date "2007.03.20"]
[Round "-"]
[White "lemmie"]
[Black "ernesto fonseca"]
[Result "1-0"]
[WhiteCountry "NED"]
[BlackCountry "NCA"]
[WhiteElo "1607"]
[WhiteRD "85"]
[BlackElo "1881"]
[BlackRD "79"]
[GameID "97122"]

1. e4 e6 2. Nf3 d5 3. exd5 exd5 4. d4 Nf6 5. Bf4 Bd6 6. Bxd6 Qxd6 7. Bd3 Qb4+ 8. Nbd2 O-O 9. Rb1 Re8+ 10. Be2 Nc6
11. c3 Qb6 12. O-O Bf5 13. Ra1 Qxb2 14. Qc1 Qxc1 15. Rfxc1 Rxe2 16. Re1 Rae8 17. Rxe2 Rxe2 18. h3 Be4 19. a4
1-0

[Event "SC for all levels"]
[Site "SchemingMind.com"]
[Date "2007.03.20"]
[Round "-"]
[White "lemmie"]
[Black "sabicas"]
[Result "0-1"]
[WhiteCountry "NED"]
[BlackCountry "ROU"]
[WhiteElo "1550"]
[WhiteRD "103"]
[BlackElo "1711"]
[BlackRD "88"]
[GameID "97123"]

1. e4 c6 2. d4 d5 3. e5 Bf5 4. Nf3 h6 5. h3 e6 6. Be3 Bb4+ 7. c3 Ba5 8. Nbd2 Ne7 9. Nh4 Bh7 10. Qg4 g5
11. Nhf3 Bf5 12. Qg3 Ng6 13. Nh2 Nh4 14. Ng4 Nd7 15. Nf3 Nxf3+ 16. Qxf3 Be4 17. Nf6+ Nxf6 18. Qxf6 Qxf6 19. exf6 Bd8 20. f3 Bg6
21. Be2 Bxf6 22. f4 Ke7 23. Bg4 Be4 24. Rg1 Rag8 25. a4 gxf4 26. Bxf4 h5 27. Be2 Rxg2 28. Rxg2 Bxg2 29. Bf1 Bh4+ 30. Ke2 Rg8
31. b4 Bxf1+ 32. Rxf1 Rg2+ 33. Kd3 Bg3 34. Be3 h4 35. Rb1 a6 36. b5 cxb5 37. axb5 Ra2 38. bxa6 bxa6 39. Rb7+ Kf6 40. Rb1 Rh2
41. Ra1 Rxh3 42. Rxa6 Bf4 43. c4 Rxe3+
0-1

[Event "SC for all levels"]
[Site "SchemingMind.com"]
[Date "2007.03.19"]
[Round "-"]
[White "lemmie"]
[Black "ekulrac"]
[Result "0-1"]
[WhiteCountry "NED"]
[BlackCountry "SCO"]
[WhiteElo "1564"]
[WhiteRD "142"]
[BlackElo "1710"]
[BlackRD "52"]
[GameID "97124"]

1. e4 Nc6 2. Bc4 e5 3. Nf3 Nf6 4. Ng5 d5 5. exd5 Na5 6. Bb5+ c6 7. dxc6 bxc6 8. Ba4 h6 9. Nf3 e4 10. Ne5 Qd4
11. Bxc6+ Nxc6 12. Nxc6 Qc5 13. Nd8 Bg4 14. f3 exf3 15. gxf3 Bh5 16. d4 Qd5 17. Qe2+ Be7 18. Nxf7 Kxf7 19. Qd3 Bxf3 20. Rg1 Bb4+
21. c3 Rae8+ 22. Be3 Rxe3+ 23. Qxe3 Re8 24. Qxe8+ Nxe8 25. Nd2 Qe6+ 26. Kf2 Qe2+ 27. Kg3 Bd6+ 28. Kh3 Qxh2#
0-1

[Event "SC for all levels"]
[Site "SchemingMind.com"]
[Date "2007.03.19"]
[Round "-"]
[White "lemmie"]
[Black "Adunatos"]
[Result "0-1"]
[WhiteCountry "NED"]
[BlackCountry "NED"]
[WhiteElo "1564"]
[WhiteRD "142"]
[BlackElo "2208"]
[BlackRD "71"]
[GameID "97125"]

1. e4 e6 2. Nf3 d5 3. exd5 exd5 4. d4 Nf6 5. Bd3 Bd6 6. Nc3 O-O 7. O-O c6 8. Ne2 Re8 9. Re1 Bg4 10. Ng3 Rxe1+
11. Qxe1 Bxf3 12. gxf3 Qc7 13. Bg5 Nbd7 14. Qd2 h6 15. Bxh6 gxh6 16. Qxh6 Bf4 17. Qh3 Bxg3 18. hxg3 Kg7 19. Qf5 Rh8 20. Kg2 Rh5
21. Qf4 Qxf4 22. gxf4 c5 23. Rg1 cxd4 24. Kf1+ Kf8 25. Ke2 Rh4 26. f5 Ne5 27. Bb5 a6 28. Ba4 d3+
0-1

[Event "SC for all levels"]
[Site "SchemingMind.com"]
[Date "2007.03.21"]
[Round "-"]
[White "lemmie"]
[Black "florencioq"]
[Result "0-1"]
[WhiteCountry "NED"]
[BlackCountry "BRA"]
[WhiteElo "1607"]
[WhiteRD "85"]
[BlackElo "1857"]
[BlackRD "129"]
[GameID "97126"]

1. e4 e5 2. Nf3 Nc6 3. Bc4 Bc5 4. c3 Nf6 5. d3 d6 6. h3 a6 7. a3 h6 8. Be3 Bxe3 9. fxe3 O-O 10. O-O Qe7
11. Nh2 Be6 12. Bxe6 Qxe6 13. Qf3 Rad8 14. Nd2 d5 15. exd5 Qxd5 16. d4 Qxf3 17. Ndxf3 Rfe8 18. Rad1 exd4 19. exd4 Re2 20. Nd2 Rde8
21. Nhf3 Ne4 22. Nxe4 R8xe4 23. Nd2 Re8 24. Rf2 f6 25. Rxe2 Rxe2 26. Kf1 Re7 27. Nb3 b6 28. d5 Rd7 29. Ke2 Ne5 30. Ke3 Nc4+
31. Kd4 Nxb2 32. Rd2 c5+ 33. Ke4 Nc4 34. Ra2 Kf7 35. a4 Nd6+ 36. Kd3 c4+ 37. Kd4 cxb3 38. Rb2 Rc7 39. Rxb3 b5 40. axb5 axb5
41. g4 g6 42. Rb1 Rc4+ 43. Kd3 Ra4 44. Re1 Nc4 45. Re6 Ne5+ 46. Kd2 b4 47. cxb4 Rxb4 48. Kc3 Rc4+ 49. Kd2 Rd4+
0-1

[Event "SC for all levels"]
[Site "SchemingMind.com"]
[Date "2007.03.20"]
[Round "-"]
[White "ernesto fonseca"]
[Black "lemmie"]
[Result "0-1"]
[WhiteCountry "NCA"]
[BlackCountry "NED"]
[WhiteElo "1881"]
[WhiteRD "79"]
[BlackElo "1607"]
[BlackRD "85"]
[GameID "97127"]

1. e4 e5 2. Nf3 Nc6 3. Bc4 Bc5 4. Nc3 Nf6 5. d3 h6 6. O-O a6 7. Nd5 d6 8. c3 O-O 9. d4 exd4 10. cxd4 Ba7
11. Re1 Nxd5 12. Bxd5 Bd7 13. Be3 Nb4 14. Bxb7 Rb8 15. a3 Rxb7 16. axb4 Rxb4 17. Rxa6 Bb6 18. Qd2 Rb5
0-1

[Event "SC for all levels"]
[Site "SchemingMind.com"]
[Date "2007.03.20"]
[Round "-"]
[White "sabicas"]
[Black "lemmie"]
[Result "1-0"]
[WhiteCountry "ROU"]
[BlackCountry "NED"]
[WhiteElo "1711"]
[WhiteRD "88"]
[BlackElo "1550"]
[BlackRD "103"]
[GameID "97128"]

1. e4 e5 2. f4 exf4 3. Nf3 Nc6 4. d4 d5 5. exd5 Qxd5 6. Bxf4 Be6 7. Be2 O-O-O 8. c3 Re8 9. O-O h6 10. Ne5 Nxe5
11. Bxe5 f6 12. c4 Qd8 13. Bg3 Bd6 14. Bf2 c6 15. Nc3 Qc7 16. g3 Bh3 17. Re1 Qd7 18. Bf3 Rxe1+ 19. Qxe1 Ne7 20. Rc1 Re8
21. Qd2 Kb8 22. d5 cxd5 23. Nxd5 Be6 24. Qe3 b6 25. Nxe7 Qxe7 26. Qe4 Bc5 27. Qa8+ Kc7 28. Qb7+ Kd8 29. Rd1+ Bd6 30. Qb8+ Bc8
31. Rxd6+
1-0

[Event "SC for all levels"]
[Site "SchemingMind.com"]
[Date "2007.03.19"]
[Round "-"]
[White "ekulrac"]
[Black "lemmie"]
[Result "1-0"]
[WhiteCountry "SCO"]
[BlackCountry "NED"]
[WhiteElo "1710"]
[WhiteRD "52"]
[BlackElo "1564"]
[BlackRD "142"]
[GameID "97129"]

1. e4 e5 2. Nf3 Nc6 3. Bb5 a6 4. Bxc6 dxc6 5. O-O Bd6 6. d3 Bg4 7. Be3 Qf6 8. Nbd2 h6 9. a3 Ne7 10. Qb1 Ng6
11. h3 Bxh3 12. gxh3 Nh4 13. Nxh4 Qxh4 14. Kh2 g6 15. Nf3 Qf6 16. Qd1 g5 17. Rg1 O-O-O 18. b4 Rdg8 19. Rg4 Qe6 20. Kg2 f5
21. exf5 Qxf5 22. Rb1 Be7 23. Re4 Bd6 24. Rg4 Be7 25. Qd2 Rf8 26. Qe2 h5 27. Re4 g4 28. Nxe5 gxh3+ 29. Kh2 Bd6 30. f4 Rhg8
31. Rg1 Rxg1 32. Kxg1 Rg8+ 33. Kh1 Rg2 34. Qf3 h4 35. Nc4 Rg3 36. Qf2 Qh5 37. Nxd6+ cxd6 38. Bb6 Rg2 39. Qe1 Rg8 40. Qe2 Qg6
41. f5 Qg2+ 42. Qxg2 hxg2+ 43. Kg1 h3 44. Rh4 Rf8 45. Rxh3 Rxf5 46. d4 Rg5 47. c4 Rg4 48. Rh8+ Kd7 49. Rb8 c5 50. dxc5 dxc5
51. bxc5 Kc6 52. Rc8+ Kd7 53. Rc7+ Ke6 54. Rxb7 Rxc4 55. Kxg2 Ra4 56. c6 Rxa3 57. c7 Kd7 58. Rb8 Rc3 59. Rd8+
1-0

[Event "SC for all levels"]
[Site "SchemingMind.com"]
[Date "2007.03.20"]
[Round "-"]
[White "Adunatos"]
[Black "lemmie"]
[Result "1-0"]
[WhiteCountry "NED"]
[BlackCountry "NED"]
[WhiteElo "2208"]
[WhiteRD "71"]
[BlackElo "1564"]
[BlackRD "142"]
[GameID "97130"]

1. d4 d5 2. c4 dxc4 3. e4 e6 4. Bxc4 Bb4+ 5. Nc3 Nf6 6. Qd3 h6 7. Nf3 Nc6 8. O-O Bd7 9. e5 Nh7 10. d5 Na5
11. Rd1 Nxc4 12. Qxc4 Bxc3 13. dxe6 fxe6 14. bxc3 Qe7 15. Qxc7 Rd8 16. Be3 O-O 17. Bc5 Qe8 18. Bxf8 Kxf8 19. Rab1 Ke7 20. Rxb7 Nf8
21. Nd4 Qh5 22. Nc6+ Kf7 23. Nxd8+ Kg8 24. Rxd7
1-0

[Event "SC for all levels"]
[Site "SchemingMind.com"]
[Date "2007.03.22"]
[Round "-"]
[White "florencioq"]
[Black "lemmie"]
[Result "1-0"]
[WhiteCountry "BRA"]
[BlackCountry "NED"]
[WhiteElo "1857"]
[WhiteRD "129"]
[BlackElo "1607"]
[BlackRD "85"]
[GameID "97131"]

1. e4 e5 2. Nf3 Nc6 3. Bb5 a6 4. Ba4 b5 5. Bb3 Na5 6. c3 Nxb3 7. Qxb3 d6 8. d4 exd4 9. Qd5 Rb8 10. O-O dxc3
11. Nxc3 Nf6 12. Qb3 Be6 13. Qc2 Be7 14. Bf4 Nh5 15. Be3 O-O 16. Rfd1 Qc8 17. Nd4 Nf6 18. Nc6 Re8 19. Nxb8 Qxb8 20. Rac1 c5
21. Bf4 Rd8 22. Qe2 Qb7 23. b3 h6 24. Rc2 d5 25. exd5 Bxd5 26. Nxd5 Nxd5 27. Bg3 Nf6 28. Rxd8+ Bxd8 29. Rxc5 Bb6 30. Re5 Ba5
31. Re7 Qc6 32. h3 Bd8 33. Re3 Kf8 34. Be5 a5 35. Bxf6 Bxf6 36. Qf3 Qc1+ 37. Kh2 Qc7+ 38. g3 b4 39. Qa8+ Bd8 40. Re4 f5
41. Rc4 Qb6 42. Kg2 Qf6 43. Rc8 Ke7 44. Rxd8 f4 45. Re8+ Kd7 46. Qc8+ Kd6 47. Qa6+
1-0